000 00675nam a2200193 i 4500
001 55435
003 ES-MaACL
005 20230906163138.0
007 t|
008 030919s1952 sp ||||1| spa d
100 1 _aDéribéré, Maurice.
_943768
245 1 3 _aLa Bentonita
_b: las arcillas coloidales y sus usos /
_cMaurice Déribéré ; traducción del francés por Carlos Velasco y Emilio Sempere.
260 _aMadrid :
_bAguilar,
_c[1952] (
_fSánchez Leal)
300 _aXIX, 291 p., 1 gráf. pleg. :
_bil. ;
_c19 cm.
700 1 _aEsme, A.
_947733
700 1 _aVelasco, Carlos.
_9113711
700 1 _aSempere, Emilio.
_9105400
852 _aES-MaACL
_jD-8141
_bR.32710
999 _c55435
_d55435